Sự lưu hành của vi khuẩn Salmonella trên gia cầm tại một số lò mổ, các chợ thuộc tỉnh An Giang, Đồng Tháp, Tiền Giang và thành phố Cần Thơ : Luận văn Thạc sĩ chuyên ngành Thú y

Đề tai nhằm nghiên cứu xác định sự lưu hành của vi khuẩn Salmonella trên gia cầm tại một số lò mổ tại các chợ thuộc tỉnh An Giang, Đồng Tháp, Tiền Giang và TP. Cần Thơ.

Bewaard in:
Bibliografische gegevens
Hoofdauteur: Nguyễn, Thị Chúc
Formaat: Boek
Taal:Undetermined
Gepubliceerd in: Cần Thơ Trường Đại học Cần Thơ 2009
Onderwerpen:
Tags: Voeg label toe
Geen labels, Wees de eerste die dit record labelt!
Thư viện lưu trữ: Trung tâm Học liệu Trường Đại học Cần Thơ
LEADER 01192nam a2200229Ia 4500
001 CTU_157928
008 210402s9999 xx 000 0 und d
082 |a 636.50896 
082 |b Ch506 
088 |a 60640101 
100 |a Nguyễn, Thị Chúc 
245 0 |a Sự lưu hành của vi khuẩn Salmonella trên gia cầm tại một số lò mổ, các chợ thuộc tỉnh An Giang, Đồng Tháp, Tiền Giang và thành phố Cần Thơ : 
245 0 |b Luận văn Thạc sĩ chuyên ngành Thú y 
245 0 |c Nguyễn Thị Chúc ; Lưu Hữu Mãnh, Lý Thị Liên Khai ( hướng dẫn khoa học ) 
260 |a Cần Thơ 
260 |b Trường Đại học Cần Thơ 
260 |c 2009 
520 |a Đề tai nhằm nghiên cứu xác định sự lưu hành của vi khuẩn Salmonella trên gia cầm tại một số lò mổ tại các chợ thuộc tỉnh An Giang, Đồng Tháp, Tiền Giang và TP. Cần Thơ. 
650 |a Poultry,Gia cầm 
650 |x Diseases,Bệnh 
904 |i Qhieu 
980 |a Trung tâm Học liệu Trường Đại học Cần Thơ